Biblioteca
Vista normal Vista MARC
  • Hombres en la Biblia

Entrada Tema o Materia

Número de registros utilizados en: 1

001 - NUMERO DE CONTROL

  • Campo de control: 7144

003 - IDENTIFICADOR DEL NUMERO DE CONTROL

  • Campo de control: SpMaBN

005 - HORA Y FECHA DE LA ULTIMA TRANSACCIÓN

  • Campo de control: 20220701135222.0

008 - CAMPO DE LONGITUD FIJA

  • Campo fijo de descripción fija: 050323 n anznnbabn |a ana

016 ## -

  • : BNE20050555780

024 7# -

  • : http://id.loc.gov/authorities/subjects/sh94003834
  • : lcsh

040 ## -

  • : SpMaBN
  • : spa
  • : SpMaBN
  • : rdc
  • : embne

042 ## -

  • : 20090305

150 ## - ENCABEZAMIENTO DE MATERIA-TEMA

  • Téma o Materia: Hombres en la Biblia

360 ## - REFERENCIA COMPLEJA DE "VÉASE ADEMÁS" - MATERIA

  • Texto explicativo: Véase además los nombres de los distintos personajes bíblicos
  • Encabezamiento hacia el que refiere el envío: Abel (Personaje bíblico)

550 ## - REFERENCIA DE ENVIO "VEASE ADEMAS" - MATERIA

  • Subcampo de control: g
  • Encabezamiento temático o nombre geográfico como elemento de entrada: Patriarcas (Biblia)

550 ## - REFERENCIA DE ENVIO "VEASE ADEMAS" - MATERIA

  • Encabezamiento temático o nombre geográfico como elemento de entrada: Mujeres en la Biblia

550 ## - REFERENCIA DE ENVIO "VEASE ADEMAS" - MATERIA

  • Encabezamiento temático o nombre geográfico como elemento de entrada: Niños en la Biblia

670 ## - FUENTE EN LA QUE SE LOCALIZARON DATOS

  • Cita de la fuente : LCSH
  • Información localizada : (Men in the Bible)

670 ## - FUENTE EN LA QUE SE LOCALIZARON DATOS

  • Cita de la fuente : RAMEAU
  • Información localizada : (Hommes dans la Bible)

750 #7 - ASIENTO LIGADO AL ENCABEZAMIENTO - TEMATICO

  • Encabezamiento temático : Men in the Bible
  • Source of heading or term: lcsh

Biblioteca FUSBC | Teléfono: (57+4) 349 88 10 Ext. 141| WhatsApp (+57) 3005338115 
E-mail: biblioteca@unisbc.edu.co | Calle 76 87-14 Robledo Palenque, Medellín, Colombia

Con tecnología Koha